02068nam a22003494a 4500001001100000003000800011006001900019007001500038008004100053010001700094020003500111040002100146035002100167050002400188082001700212245018200229260004300411300001800454504004100472505067300513533015201186650002501338650003301363650002301396655002901419700003301448700002601481700002501507710001701532730004401549856012501593ebr5002277CaPaEBRm u cr cn|||||||||001102s2001 mau sb 000 0 eng  z 00012254  z0807047139 (pbk. : alk. paper) aCaPaEBRcCaPaEBR a(OCoLC)22803997514aHC79.I5bW49 2001eb04a363.5/8222100aWhat's wrong with a free lunch?h[electronic resource] /cPhilippe van Parijs ... [et al.] ; foreword by Robert Solow ; edited by Joshua Cohen and Joel Rogers for Boston Review. aBoston, Mass. :bBeacon Press,cc2001. axviii, 137 p. aIncludes bibliographical references.00tA basic income for all /rPhilippe van Parijs --tWhat about reciprocity? /rWilliam A. Galston --tUBI and the flat tax /rHerbert A. Simon --tFalling in love again /rWade Rathke --tSecurity and laissez-faire /rEmma Rothschild --tSubsidize wages /rEdmund S. Phelps --tUBI and the work ethic /rBrian Barry --tOptional freedoms / Elizabeth Anderson --tGood for women /rAnne L. Alstott --tDignity and deprivation /rRonald Dore --tWhy pay Bill Gates? /rFred Block --tSomething for nothing /rRobert E. Goodin --tA debate we need / Katherine McFate --tThe big picture /rPeter Edelman --tOn liberty /rGar Alerovitz --tPathways from here /rClaus Offe. aElectronic reproduction.bPalo Alto, Calif. :cebrary,d2013.nAvailable via World Wide Web.nAccess may be limited to ebrary affiliated libraries. 0aIncome distribution. 0aIncome maintenance programs. 0aWelfare economics. 7aElectronic books.2local1 aParijs, Philippe van,d1951-1 aCohen, Joshua,d1951-1 aRogers, Joel,d1952-2 aebrary, Inc.0 aBoston review (Cambridge, Mass. : 1982)40uhttp://site.ebrary.com/lib/rucke/Doc?id=5002277zAn electronic book accessible through the World Wide Web; click to view